Online
Catalog

Diagnóstico general para la formación docente 2010 / (Record no. 47184)

MARC details
000 -CABECERA
campo de control de longitud fija 01278nam a2200229 a 4500
001 - NÚMERO DE CONTROL
campo de control 000047696
005 - FECHA Y HORA DE LA ÚLTIMA TRANSACCIÓN
campo de control 20201002060702.0
008 - DATOS DE LONGITUD FIJA--INFORMACIÓN GENERAL
campo de control de longitud fija 180720s2010 dr ad 001 m spa d
040 ## - FUENTE DE LA CATALOGACIÓN
Centro catalogador/agencia de origen DO-SdBNP
Lengua de catalogación spa
Centro/agencia transcriptor BNPHU
082 ## - NÚMERO DE LA CLASIFICACIÓN DECIMAL DEWEY
Número de clasificación xxx
Número de documento/Ítem R426b
110 2# - ENTRADA PRINCIPAL--NOMBRE DE ENTIDAD CORPORATIVA
Nombre de entidad corporativa o nombre de jurisdicción como elemento de entrada República Dominicana.
Unidad subordinada Ministerio de Estado de Educación Superior Ciencia y Tecnología
9 (RLIN) 75302
245 10 - MENCIÓN DE TÍTULO
Título Diagnóstico general para la formación docente 2010 /
Mención de responsabilidad, etc. revisión Ligia Amada Melo de Cardona.
246 10 - FORMA VARIANTE DE TÍTULO
Título propio/Titulo breve Documentos : plan reformulación de la formación docente.
260 ## - PUBLICACIÓN, DISTRIBUCIÓN, ETC.
Lugar de publicación, distribución, etc. Santo Domingo :
Nombre del editor, distribuidor, etc. Ministerio de Educación Superior, Ciencia y Tecnología, MESCyT,
Fecha de publicación, distribución, etc. 2010.
300 ## - DESCRIPCIÓN FÍSICA
Extensión 232 p. :
Otras características físicas il., diagr. ;
Dimensiones 29 cm.
504 ## - NOTA DE BIBLIOGRAFÍA, ETC.
Nota de bibliografía, etc. Bibliografía : p. 107-110
505 0# - NOTA DE CONTENIDO CON FORMATO
Nota de contenido con formato Introducción --
Título La formación docente en República Dominicana --
-- Metología para la realización del diagnóstivo --
-- Oferta curricular --
-- Oportunideades de aprendizaje --
-- Conclusiones y recomendaciones
-- Estándares para la formación docente --
-- Política para el fortalecimiento de la formación docente --
590 ## - NOTA LOCAL (RLIN)
Nota local Inventariado, 2018/ YL
700 1# - PUNTO DE ACCESO ADICIONAL--NOMBRE DE PERSONA
Nombre de persona Vincent, Minerva,
Término indicativo de función/relación coord.
9 (RLIN) 37433
700 1# - PUNTO DE ACCESO ADICIONAL--NOMBRE DE PERSONA
Nombre de persona Melo de Cardona, Ligia Amada,
Término indicativo de función/relación rev. cont.
9 (RLIN) 27174
740 2# - PUNTO DE ACCESO ADICIONAL--TÍTULO RELACIONADO O ANALÍTICO NO CONTROLADO
Título relacionado o analítico no controlado Documentos : plan reformulación de la formación docente.
Holdings
Estado de retiro Estado de pérdida Restricciones de uso No para préstamo Código de colección Localización permanente Ubicación/localización actual Ubicación en estantería Fecha de adquisición Número de inventario Total de préstamos Signatura topográfica completa Código de barras Fecha visto por última vez Número de copia Precio válido a partir de Tipo de ítem Koha
        Dominicana de Servicio General General Depósito 27.03.2019 LF1   xxx R426b 47696-30 25.06.2020 e. 3 25.06.2020 Libro y Folleto Colección Dominicana de Servicio
        Dominicana de Servicio General General Depósito 27.03.2019 LF1   xxx R426b 47696-40 25.06.2020 e. 4 25.06.2020 Libro y Folleto Colección Dominicana de Servicio
      Excluido de préstamo Patrimonio Dominicano Patrimonio Dominicano Patrimonio Dominicano Depósito 20.07.2018 LF1   xxx R426b 47696-10 25.06.2020   25.06.2020 Libro y Folleto Colección Patrimonio Dominicano
      Excluido de préstamo Patrimonio Dominicano Patrimonio Dominicano Patrimonio Dominicano Depósito 27.03.2019 LF1   xxx R426b 47696-20 25.06.2020 e. 2 25.06.2020 Libro y Folleto Colección Patrimonio Dominicano

Powered by Koha